[Event "DEM U8 2024"]
[Site "Willingen GER"]
[Date "2024.05.23"]
[Round "4"]
[White "Shtogrin, Joseph Stephan"]
[Black "Schulze, Jonas"]
[Result "0-1"]
[Termination "normal"]
[Board "21"]
[WhiteElo "1251"]
[BlackElo "986"]
[WhiteClock "00:52:34"]
[BlackClock "00:47:36"]
[PlyCount "108"]
[WhiteFideId "34666087"]
[BlackFideId "34687912"]
[EventCountry "GER"]
[EventRounds "7"]
[EventType "swiss"]
[EventDate "2024.05.21"]

1. e4 {[%clk 01:00:29]} {[%emt 03:37:52]} e5 {[%clk 01:00:26]} {[%emt
00:00:05]} 2. Nf3 {[%clk 01:00:40]} {[%emt 00:00:03]} Nc6 {[%clk 01:00:36]}
{[%emt 00:00:06]} 3. d4 {[%clk 01:00:51]} {[%emt 00:00:04]} exd4 {[%clk
01:00:41]} {[%emt 00:00:09]} 4. Nxd4 {[%clk 01:01:00]} {[%emt 00:00:07]} Bc5
{[%clk 01:00:47]} {[%emt 00:00:09]} 5. Nb3 {[%clk 01:01:06]} {[%emt 00:00:08]}
Bb6 {[%clk 01:00:53]} {[%emt 00:00:10]} 6. Nc3 {[%clk 01:01:13]} {[%emt
00:00:08]} Nge7 {[%clk 01:00:46]} {[%emt 00:00:21]} 7. Qe2 {[%clk 01:01:23]}
{[%emt 00:00:07]} O-O {[%clk 01:00:53]} {[%emt 00:00:08]} 8. Be3 {[%clk
01:01:33]} {[%emt 00:00:04]} d6 {[%clk 01:00:59]} {[%emt 00:00:09]} 9. O-O-O
{[%clk 01:01:40]} {[%emt 00:00:08]} f5 {[%clk 01:01:07]} {[%emt 00:00:07]} 10.
Bxb6 {[%clk 01:01:41]} {[%emt 00:00:15]} axb6 {[%clk 01:01:15]} {[%emt
00:00:07]} 11. f4 {[%clk 01:01:44]} {[%emt 00:00:12]} fxe4 {[%clk 01:01:06]}
{[%emt 00:00:25]} 12. Qxe4 {[%clk 01:01:50]} {[%emt 00:00:08]} Bf5 {[%clk
01:01:00]} {[%emt 00:00:14]} 13. Qf3 {[%clk 01:01:45]} Qc8 {[%clk 01:01:01]}
{[%emt 00:00:41]} 14. h3 {[%clk 01:01:43]} {[%emt 00:00:18]} Be6 {[%clk
01:00:52]} {[%emt 00:00:23]} 15. g4 {[%clk 01:01:21]} {[%emt 00:00:38]} Ne5
{[%clk 01:00:58]} {[%emt 00:00:10]} 16. Qe3 {[%clk 01:00:46]} {[%emt 00:00:48]}
Nf7 {[%clk 01:00:03]} {[%emt 00:01:11]} 17. Nd4 {[%emt 00:02:20]} Bd5 {[%clk
00:58:45]} {[%emt 00:00:05]} 18. Rg1 {[%clk 00:59:36]} {[%emt 00:00:46]} Re8
{[%clk 00:58:18]} {[%emt 00:00:40]} 19. Nxd5 {[%emt 00:01:04]} Nxd5 {[%clk
00:58:24]} {[%emt 00:00:04]} 20. Qb3 {[%clk 00:58:23]} {[%emt 00:00:47]} c6
{[%clk 00:57:25]} {[%emt 00:01:14]} 21. Bc4 {[%clk 00:57:50]} {[%emt 00:00:47]}
Re3 {[%clk 00:56:59]} {[%emt 00:00:42]} 22. Rd3 {[%clk 00:57:14]} {[%emt
00:00:50]} Rxd3 {[%clk 00:56:32]} {[%emt 00:00:42]} 23. Qxd3 {[%clk 00:56:59]}
{[%emt 00:00:31]} b5 {[%clk 00:56:25]} {[%emt 00:00:22]} 24. Bxd5 {[%clk
00:56:33]} {[%emt 00:00:41]} cxd5 {[%clk 00:56:27]} {[%emt 00:00:13]} 25. Nf5
{[%clk 00:55:46]} {[%emt 00:00:59]} Rxa2 {[%clk 00:56:02]} {[%emt 00:00:42]}
26. Ne7+ {[%clk 00:55:48]} {[%emt 00:00:12]} Kf8 {[%clk 00:56:00]} {[%emt
00:00:09]} 27. Nxc8 {[%clk 00:56:03]} Ra1+ {[%clk 00:56:07]} {[%emt 00:00:17]}
28. Kd2 {[%clk 00:54:34]} {[%emt 00:01:45]} Rxg1 {[%clk 00:55:38]} {[%emt
00:00:44]} 29. Qxb5 {[%clk 00:53:57]} {[%emt 00:00:51]} Rg2+ {[%clk 00:55:02]}
{[%emt 00:00:50]} 30. Kc3 {[%clk 00:54:00]} {[%emt 00:00:14]} d4+ {[%clk
00:52:10]} {[%emt 00:03:06]} 31. Kb3 {[%clk 00:53:48]} {[%emt 00:00:29]} Rg3+
{[%clk 00:51:33]} {[%emt 00:00:51]} 32. Ka2 {[%clk 00:52:43]} {[%emt 00:01:20]}
Rxh3 {[%clk 00:50:22]} {[%emt 00:01:26]} 33. Qd7 {[%clk 00:52:32]} {[%emt
00:00:25]} g6 {[%clk 00:49:01]} {[%emt 00:01:37]} 34. Qe7+ {[%clk 00:52:21]}
{[%emt 00:00:25]} Kg7 {[%clk 00:49:05]} {[%emt 00:00:12]} 35. Nxd6 {[%clk
00:52:23]} {[%emt 00:00:13]} d3 {[%clk 00:47:22]} {[%emt 00:01:59]} 36. Qxf7+
{[%clk 00:51:52]} {[%emt 00:00:45]} Kh6 {[%clk 00:47:10]} {[%emt 00:00:26]} 37.
g5+ {[%clk 00:51:47]} {[%emt 00:00:20]} Kh5 {[%clk 00:47:16]} {[%emt 00:00:10]}
38. Qxh7+ {[%clk 00:51:00]} {[%emt 00:01:03]} Kg4 {[%clk 00:46:59]} {[%emt
00:00:14]} 39. Qxh3+ {[%clk 00:51:26]} {[%emt 00:00:24]} Kxh3 {[%clk 00:47:17]}
{[%emt 00:00:09]} 40. f5 {[%clk 00:51:35]} {[%emt 00:00:05]} dxc2 {[%clk
00:47:11]} {[%emt 00:00:21]} 41. fxg6 {[%clk 00:51:17]} {[%emt 00:00:33]} c1=Q
{[%clk 00:47:03]} {[%emt 00:00:15]} 42. g7 {[%clk 00:51:31]} Qxg5 {[%clk
00:47:07]} {[%emt 00:00:20]} 43. Nf5 {[%clk 00:51:20]} {[%emt 00:00:27]} Kg4
{[%clk 00:00:00]} {[%emt 00:01:22]} 44. g8=Q {[%clk 00:51:30]} {[%emt
00:00:39]} Qxg8+ {[%clk 00:46:44]} {[%emt 00:00:09]} 45. Ka1 {[%clk 00:51:53]}
{[%emt 00:01:05]} Qa8+ {[%clk 00:48:34]} {[%emt 00:00:14]} 46. Kb1 {[%clk
00:51:54]} {[%emt 00:00:14]} Kxf5 {[%clk 00:48:39]} {[%emt 00:00:11]} 47. b3
{[%clk 00:51:57]} {[%emt 00:00:11]} b5 {[%clk 00:48:19]} {[%emt 00:00:35]} 48.
Kb2 {[%clk 00:51:59]} {[%emt 00:00:14]} Qg2+ {[%clk 00:48:12]} {[%emt
00:00:13]} 49. Ka1 {[%clk 00:52:13]} Qf1+ {[%clk 00:48:10]} {[%emt 00:00:26]}
50. Ka2 {[%clk 00:52:21]} {[%emt 00:00:07]} Qe2+ {[%clk 00:48:07]} {[%emt
00:00:18]} 51. Kb1 {[%clk 00:52:23]} {[%emt 00:00:14]} Ke4 {[%clk 00:47:59]}
{[%emt 00:00:23]} 52. b4 {[%emt 00:00:34]} Kd3 {[%clk 00:47:51]} 53. Ka1 {[%clk
00:52:26]} {[%emt 00:00:18]} Kc3 {[%clk 00:47:35]} {[%emt 00:00:30]} 54. Kb1
{[%clk 00:52:34]} {[%emt 00:00:07]} Qb2# {[%clk 00:47:36]} {[%emt 00:00:14]}
0-1

[Event "DEM U8 2024"]
[Site "Willingen GER"]
[Date "2024.05.23"]
[Round "4"]
[White "Fritsch, Julian"]
[Black "Mukazhanov, Arslan"]
[Result "1/2-1/2"]
[Termination "normal"]
[Board "22"]
[WhiteElo "1136"]
[BlackElo "1567"]
[WhiteClock "00:03:22"]
[BlackClock "00:33:57"]
[PlyCount "107"]
[WhiteFideId "34626964"]
[BlackFideId "34647686"]
[EventCountry "GER"]
[EventRounds "7"]
[EventType "swiss"]
[EventDate "2024.05.21"]

1. e4 {[%clk 01:00:28]} e5 {[%clk 01:00:24]} {[%emt 00:00:07]} 2. Nf3 {[%clk
01:00:36]} {[%emt 00:00:07]} Nc6 {[%clk 01:00:32]} {[%emt 00:00:08]} 3. Bc4
{[%clk 01:00:43]} {[%emt 00:00:07]} Bc5 {[%clk 01:00:41]} 4. c3 {[%clk
01:00:46]} {[%emt 00:00:19]} Nf6 {[%clk 01:00:02]} 5. d4 {[%clk 01:00:53]}
{[%emt 00:01:02]} exd4 {[%clk 01:00:10]} 6. cxd4 {[%clk 01:00:55]} {[%emt
00:00:19]} Bb4+ {[%clk 01:00:13]} 7. Nc3 {[%clk 00:59:50]} {[%emt 00:01:32]}
Nxe4 {[%clk 01:00:18]} 8. Qc2 {[%clk 00:57:25]} {[%emt 00:02:49]} d5 {[%clk
00:58:58]} 9. O-O {[%clk 00:55:35]} {[%emt 00:03:40]} Nxc3 {[%clk 00:57:22]}
10. bxc3 {[%clk 00:55:17]} {[%emt 00:02:24]} Be7 {[%clk 00:54:29]} 11. Bb5
{[%clk 00:54:09]} {[%emt 00:04:33]} Bd7 {[%clk 00:54:26]} 12. Bf4 {[%clk
00:50:51]} {[%emt 00:03:49]} O-O {[%clk 00:54:25]} {[%emt 00:00:16]} 13. Rfe1
{[%clk 00:47:26]} {[%emt 00:03:39]} a6 {[%clk 00:54:03]} {[%emt 00:00:40]} 14.
Bd3 {[%clk 00:47:03]} {[%emt 00:00:37]} f5 {[%clk 00:47:43]} {[%emt 00:06:36]}
15. Qb3 {[%clk 00:43:55]} {[%emt 00:03:23]} Bc8 {[%clk 00:47:23]} {[%emt
00:00:35]} 16. c4 {[%clk 00:38:01]} {[%emt 00:06:09]} dxc4 {[%clk 00:46:14]}
{[%emt 00:01:24]} 17. Qxc4+ {[%clk 00:36:39]} {[%emt 00:01:36]} Kh8 {[%clk
00:46:11]} {[%emt 00:00:18]} 18. d5 {[%clk 00:33:56]} {[%emt 00:02:58]} Na5
{[%clk 00:45:41]} {[%emt 00:00:47]} 19. Qc3 {[%clk 00:31:22]} {[%emt 00:02:47]}
c5 {[%clk 00:44:43]} {[%emt 00:01:14]} 20. Rxe7 {[%clk 00:27:38]} {[%emt
00:03:58]} Qxe7 {[%clk 00:42:41]} {[%emt 00:02:17]} 21. Qxa5 {[%clk 00:27:16]}
{[%emt 00:00:37]} Re8 {[%clk 00:42:26]} {[%emt 00:00:30]} 22. Re1 {[%clk
00:24:47]} {[%emt 00:02:43]} Qf7 {[%clk 00:42:06]} {[%emt 00:00:37]} 23. Rxe8+
{[%clk 00:23:53]} {[%emt 00:01:08]} Qxe8 {[%clk 00:41:10]} {[%emt 00:01:11]}
24. Qxc5 {[%clk 00:23:35]} {[%emt 00:00:33]} Bd7 {[%clk 00:41:06]} {[%emt
00:00:18]} 25. g3 {[%clk 00:21:57]} {[%emt 00:01:53]} h6 {[%clk 00:40:28]}
{[%emt 00:00:50]} 26. Qd4 {[%clk 00:18:32]} {[%emt 00:03:44]} Kh7 {[%clk
00:40:18]} {[%emt 00:00:25]} 27. Be5 {[%clk 00:17:44]} {[%emt 00:01:03]} g5
{[%emt 00:00:52]} 28. g4 {[%clk 00:14:04]} {[%emt 00:03:52]} Qf7 {[%clk
00:39:20]} {[%emt 00:00:36]} 29. h4 {[%clk 00:10:26]} {[%emt 00:03:56]} Kg8
{[%clk 00:37:21]} {[%emt 00:02:01]} 30. gxf5 {[%clk 00:07:51]} {[%emt
00:03:02]} Bxf5 {[%clk 00:37:16]} {[%emt 00:00:20]} 31. Bxf5 {[%clk 00:07:18]}
{[%emt 00:00:50]} Qxf5 {[%clk 00:37:15]} {[%emt 00:00:13]} 32. Bh8 {[%clk
00:06:25]} {[%emt 00:01:09]} Kf8 {[%clk 00:36:46]} {[%emt 00:00:44]} 33. Qf6+
{[%clk 00:05:44]} {[%emt 00:00:57]} Qxf6 {[%clk 00:36:27]} {[%emt 00:00:34]}
34. Bxf6 {[%clk 00:05:54]} {[%emt 00:00:06]} Ke8 {[%clk 00:36:23]} {[%emt
00:00:17]} 35. hxg5 {[%clk 00:05:42]} {[%emt 00:00:29]} hxg5 {[%clk 00:36:27]}
{[%emt 00:00:11]} 36. Nxg5 {[%clk 00:05:50]} {[%emt 00:00:08]} Kd7 {[%clk
00:36:19]} {[%emt 00:00:21]} 37. Be5 {[%clk 00:05:53]} {[%emt 00:00:12]} Rg8
{[%clk 00:35:42]} {[%emt 00:00:52]} 38. f4 {[%clk 00:05:56]} {[%emt 00:00:12]}
b5 {[%clk 00:35:50]} {[%emt 00:00:07]} 39. Kf2 {[%clk 00:05:58]} {[%emt
00:00:13]} a5 {[%clk 00:35:53]} {[%emt 00:00:13]} 40. Ke3 {[%clk 00:06:02]}
{[%emt 00:00:10]} b4 {[%clk 00:35:57]} {[%emt 00:00:10]} 41. Kd3 {[%clk
00:05:55]} {[%emt 00:00:22]} Rc8 {[%clk 00:36:08]} {[%emt 00:00:05]} 42. Ke4
{[%clk 00:05:18]} {[%emt 00:00:53]} a4 {[%clk 00:35:47]} {[%emt 00:00:35]} 43.
Kf5 {[%clk 00:05:09]} {[%emt 00:00:24]} b3 {[%clk 00:35:33]} {[%emt 00:00:30]}
44. axb3 {[%clk 00:05:10]} {[%emt 00:00:14]} axb3 {[%clk 00:35:29]} {[%emt
00:00:19]} 45. d6 {[%clk 00:05:00]} {[%emt 00:00:24]} Rc5 {[%clk 00:35:29]}
{[%emt 00:00:15]} 46. Ne4 {[%clk 00:04:47]} {[%emt 00:00:28]} Ra5 {[%clk
00:34:38]} {[%emt 00:01:05]} 47. Kf6 {[%clk 00:04:38]} {[%emt 00:00:24]} Rb5
{[%clk 00:34:27]} {[%emt 00:00:27]} 48. f5 {[%clk 00:04:32]} {[%emt 00:00:20]}
b2 {[%clk 00:34:37]} {[%emt 00:00:06]} 49. Nc3 {[%clk 00:04:19]} {[%emt
00:00:28]} b1=Q {[%clk 00:34:00]} {[%emt 00:00:52]} 50. Nxb1 {[%clk 00:04:31]}
{[%emt 00:00:02]} Rxb1 {[%clk 00:34:00]} {[%emt 00:00:16]} 51. Kf7 {[%clk
00:03:58]} {[%emt 00:00:47]} Re1 {[%clk 00:33:58]} {[%emt 00:00:18]} 52. Bg3
{[%clk 00:03:22]} {[%emt 00:00:50]} Rf1 {[%clk 00:33:52]} {[%emt 00:00:21]} 53.
f6 {[%clk 00:03:29]} {[%emt 00:00:09]} Rf3 {[%clk 00:33:57]} {[%emt 00:00:09]}
54. Be5 {[%clk 00:03:22]} {[%emt 00:00:23]} 1/2-1/2

[Event "DEM U8 2024"]
[Site "Willingen GER"]
[Date "2024.05.23"]
[Round "4"]
[White "Hadelich, Taron"]
[Black "Zielke, Antonin"]
[Result "1-0"]
[Termination "normal"]
[Board "23"]
[WhiteElo "785"]
[BlackElo "1519"]
[WhiteClock "00:34:32"]
[BlackClock "00:46:21"]
[PlyCount "81"]
[BlackFideId "34661824"]
[EventCountry "GER"]
[EventRounds "7"]
[EventType "swiss"]
[EventDate "2024.05.21"]

1. e4 {[%clk 01:00:28]} {[%emt 00:00:02]} e5 {[%clk 01:00:21]} {[%emt
00:00:09]} 2. Nf3 {[%clk 01:00:05]} {[%emt 00:00:38]} Nc6 {[%clk 01:00:19]}
{[%emt 00:00:18]} 3. Bb5 {[%clk 01:00:05]} {[%emt 00:00:14]} Nf6 {[%clk
01:00:22]} {[%emt 00:00:12]} 4. O-O {[%clk 01:00:12]} {[%emt 00:00:09]} Nxe4
{[%clk 01:00:13]} {[%emt 00:00:23]} 5. Re1 {[%clk 01:00:12]} {[%emt 00:00:15]}
Nf6 {[%clk 00:59:49]} {[%emt 00:00:37]} 6. Nxe5 {[%clk 01:00:05]} {[%emt
00:00:25]} Be7 {[%clk 00:59:28]} {[%emt 00:00:35]} 7. Nc3 {[%clk 00:57:35]}
{[%emt 00:02:46]} O-O {[%clk 00:59:14]} {[%emt 00:00:29]} 8. Re3 {[%clk
00:57:25]} {[%emt 00:00:25]} d5 {[%clk 00:59:04]} {[%emt 00:00:26]} 9. d4
{[%clk 00:56:57]} {[%emt 00:00:42]} Bd7 {[%clk 00:56:12]} {[%emt 00:03:07]} 10.
Qe2 {[%clk 00:56:02]} {[%emt 00:01:11]} a6 {[%clk 00:56:06]} {[%emt 00:00:22]}
11. Nxc6 {[%clk 00:54:42]} {[%emt 00:01:34]} bxc6 {[%clk 00:55:51]} {[%emt
00:00:30]} 12. Bxa6 {[%clk 00:54:30]} {[%emt 00:00:26]} Re8 {[%clk 00:55:17]}
{[%emt 00:00:48]} 13. Na4 {[%clk 00:50:46]} {[%emt 00:04:00]} Ne4 {[%clk
00:54:18]} {[%emt 00:01:12]} 14. Nc3 {[%clk 00:50:10]} {[%emt 00:00:51]} Bf5
{[%clk 00:53:48]} {[%emt 00:00:46]} 15. Rf3 {[%clk 00:48:53]} {[%emt 00:01:32]}
Bg4 {[%clk 00:53:08]} {[%emt 00:00:56]} 16. Bd3 {[%clk 00:48:28]} {[%emt
00:00:40]} Bxf3 {[%clk 00:53:05]} {[%emt 00:00:20]} 17. Qxf3 {[%clk 00:48:24]}
{[%emt 00:00:17]} Ng5 {[%clk 00:52:16]} {[%emt 00:01:05]} 18. Qg3 {[%clk
00:48:09]} {[%emt 00:00:23]} h6 {[%clk 00:52:14]} {[%emt 00:00:23]} 19. h4
{[%clk 00:47:17]} {[%emt 00:01:08]} Bd6 {[%clk 00:51:36]} {[%emt 00:00:53]} 20.
Qg4 {[%clk 00:46:27]} {[%emt 00:01:03]} Ne6 {[%clk 00:51:37]} {[%emt 00:00:14]}
21. Bxh6 {[%clk 00:46:17]} {[%emt 00:00:26]} Qf6 {[%clk 00:51:36]} {[%emt
00:00:17]} 22. Bg5 {[%clk 00:45:35]} {[%emt 00:00:54]} Nxg5 {[%clk 00:51:12]}
{[%emt 00:00:40]} 23. hxg5 {[%clk 00:45:32]} {[%emt 00:00:20]} Qe7 {[%clk
00:50:47]} {[%emt 00:00:33]} 24. Qh3 {[%clk 00:45:07]} {[%emt 00:00:44]} Qxg5
{[%clk 00:50:26]} {[%emt 00:00:38]} 25. Qh7+ {[%clk 00:43:14]} {[%emt
00:02:03]} Kf8 {[%clk 00:50:06]} {[%emt 00:00:36]} 26. Ba6 {[%clk 00:40:56]}
{[%emt 00:02:39]} Rxa6 {[%clk 00:49:15]} {[%emt 00:01:06]} 27. Qh8+ {[%clk
00:40:32]} {[%emt 00:00:37]} Ke7 {[%clk 00:48:58]} {[%emt 00:00:31]} 28. Re1+
{[%clk 00:40:35]} {[%emt 00:00:13]} Kf6 {[%clk 00:48:28]} {[%emt 00:00:43]} 29.
Qxe8 {[%clk 00:40:31]} {[%emt 00:00:22]} Qd2 {[%clk 00:48:23]} {[%emt
00:00:20]} 30. Rd1 {[%clk 00:39:52]} {[%emt 00:00:54]} Qxc2 {[%clk 00:48:21]}
{[%emt 00:00:16]} 31. Qe3 {[%clk 00:39:24]} {[%emt 00:00:36]} Qxb2 {[%clk
00:48:14]} {[%emt 00:00:30]} 32. Qf3+ {[%clk 00:38:33]} {[%emt 00:01:06]} Ke7
{[%clk 00:48:16]} {[%emt 00:00:13]} 33. Re1+ {[%clk 00:38:24]} {[%emt
00:00:24]} Kf8 {[%clk 00:48:24]} {[%emt 00:00:07]} 34. Qe3 {[%clk 00:37:49]}
{[%emt 00:00:50]} Ra8 {[%clk 00:48:05]} {[%emt 00:00:34]} 35. Qh3 {[%clk
00:37:21]} {[%emt 00:00:44]} f6 {[%clk 00:48:04]} {[%emt 00:00:15]} 36. Qh8+
{[%clk 00:37:10]} {[%emt 00:00:25]} Kf7 {[%clk 00:47:48]} {[%emt 00:00:26]} 37.
Qxa8 {[%clk 00:36:57]} {[%emt 00:00:34]} Bb4 {[%clk 00:47:46]} {[%emt
00:00:17]} 38. Qxc6 {[%clk 00:35:39]} {[%emt 00:01:32]} Qc2 {[%clk 00:46:42]}
{[%emt 00:01:19]} 39. Qxd5+ {[%clk 00:35:30]} {[%emt 00:00:24]} Kf8 {[%clk
00:46:13]} {[%emt 00:00:45]} 40. Qd8+ {[%clk 00:35:11]} {[%emt 00:00:30]} Kf7
{[%clk 00:46:21]} {[%emt 00:00:09]} 41. Qe8# {[%clk 00:34:32]} {[%emt
00:00:56]} 1-0

[Event "DEM U8 2024"]
[Site "Willingen GER"]
[Date "2024.05.24"]
[Round "6"]
[White "Besou, Jad"]
[Black "Ranganathan, Aadith"]
[Result "1-0"]
[Termination "normal"]
[Board "1"]
[WhiteElo "1679"]
[BlackElo "1666"]
[WhiteClock "00:13:34"]
[BlackClock "00:27:41"]
[PlyCount "121"]
[WhiteFideId "34631348"]
[BlackFideId "34667121"]
[EventCountry "GER"]
[EventRounds "7"]
[EventType "swiss"]
[EventDate "2024.05.21"]

1. e4 {[%clk 01:00:28]} {[%emt 00:00:02]} e5 {[%clk 01:00:22]} {[%emt
00:00:08]} 2. Nf3 {[%clk 01:00:37]} {[%emt 00:00:07]} Nc6 {[%clk 01:00:17]}
{[%emt 00:00:20]} 3. Bb5 {[%clk 01:00:45]} {[%emt 00:00:07]} a6 {[%clk
01:00:06]} {[%emt 00:00:27]} 4. Ba4 {[%clk 00:59:47]} {[%emt 00:01:13]} Nf6
{[%clk 01:00:04]} {[%emt 00:00:16]} 5. O-O {[%clk 00:57:35]} {[%emt 00:02:27]}
Be7 {[%clk 00:59:45]} {[%emt 00:00:33]} 6. Nc3 {[%clk 00:57:31]} {[%emt
00:00:20]} b5 {[%clk 00:58:22]} {[%emt 00:01:37]} 7. Bb3 {[%clk 00:57:19]}
{[%emt 00:00:28]} d6 {[%clk 00:58:22]} {[%emt 00:00:14]} 8. d3 {[%clk
00:55:09]} {[%emt 00:02:25]} Bg4 {[%clk 00:57:48]} {[%emt 00:00:49]} 9. Be3
{[%clk 00:54:38]} {[%emt 00:00:46]} O-O {[%clk 00:56:23]} {[%emt 00:01:40]} 10.
a3 {[%clk 00:53:51]} {[%emt 00:01:02]} h6 {[%clk 00:55:38]} {[%emt 00:01:00]}
11. Nd5 {[%clk 00:53:32]} {[%emt 00:00:35]} Re8 {[%clk 00:53:53]} {[%emt
00:02:00]} 12. Nxf6+ {[%clk 00:52:47]} {[%emt 00:00:59]} Bxf6 {[%clk 00:53:46]}
{[%emt 00:00:24]} 13. Bd5 {[%clk 00:52:41]} {[%emt 00:00:19]} Qd7 {[%clk
00:53:52]} {[%emt 00:00:09]} 14. c3 {[%clk 00:51:50]} {[%emt 00:01:07]} Rad8
{[%clk 00:53:52]} {[%emt 00:00:15]} 15. Qe2 {[%clk 00:49:28]} {[%emt 00:02:36]}
Ne7 {[%clk 00:53:54]} {[%emt 00:00:13]} 16. Ba2 {[%clk 00:48:42]} {[%emt
00:01:01]} Ng6 {[%clk 00:53:18]} {[%emt 00:00:50]} 17. h3 {[%clk 00:47:29]}
{[%emt 00:01:29]} Bh5 {[%clk 00:52:36]} {[%emt 00:00:37]} 18. Kh2 {[%clk
00:44:09]} {[%emt 00:03:56]} Nh4 {[%clk 00:52:33]} {[%emt 00:00:18]} 19. Rg1
{[%clk 00:43:15]} {[%emt 00:01:09]} Nxf3+ {[%clk 00:51:33]} {[%emt 00:01:15]}
20. gxf3 {[%clk 00:43:15]} {[%emt 00:00:15]} Kh8 {[%clk 00:51:38]} {[%emt
00:00:10]} 21. Rg2 {[%clk 00:43:03]} {[%emt 00:00:27]} c6 {[%emt 00:00:23]} 22.
c4 {[%clk 00:42:50]} {[%emt 00:00:21]} bxc4 {[%clk 00:51:26]} {[%emt 00:00:25]}
23. dxc4 {[%clk 00:42:22]} {[%emt 00:00:41]} Rb8 {[%clk 00:51:01]} {[%emt
00:00:39]} 24. b3 {[%clk 00:41:31]} {[%emt 00:01:09]} d5 {[%clk 00:50:57]}
{[%emt 00:00:19]} 25. Rd1 {[%clk 00:40:16]} {[%emt 00:01:30]} d4 {[%clk
00:50:36]} {[%emt 00:00:36]} 26. Bc1 {[%clk 00:40:16]} {[%emt 00:00:15]} c5
{[%clk 00:50:39]} {[%emt 00:00:12]} 27. Rd3 {[%clk 00:37:22]} {[%emt 00:03:09]}
Re6 {[%clk 00:49:19]} {[%emt 00:01:35]} 28. Qc2 {[%clk 00:34:30]} {[%emt
00:03:08]} Be7 {[%clk 00:46:56]} {[%emt 00:02:37]} 29. Qd1 {[%clk 00:32:01]}
{[%emt 00:02:45]} Rf8 {[%clk 00:46:46]} {[%emt 00:00:24]} 30. Bb1 {[%clk
00:30:49]} {[%emt 00:01:28]} f5 {[%clk 00:46:29]} {[%emt 00:00:32]} 31. Qe2
{[%clk 00:30:26]} {[%emt 00:00:39]} Ref6 {[%clk 00:46:10]} {[%emt 00:00:34]}
32. Rg3 {[%clk 00:29:15]} {[%emt 00:01:25]} R6f7 {[%clk 00:45:48]} {[%emt
00:00:38]} 33. Rd1 {[%clk 00:18:23]} {[%emt 00:11:05]} Bh4 {[%clk 00:45:02]}
{[%emt 00:01:01]} 34. Rg2 {[%clk 00:18:28]} {[%emt 00:00:09]} Qb7 {[%clk
00:41:41]} {[%emt 00:03:33]} 35. Bc2 {[%clk 00:17:22]} {[%emt 00:01:25]} fxe4
{[%clk 00:41:00]} {[%emt 00:00:56]} 36. Bxe4 {[%clk 00:14:56]} {[%emt
00:02:40]} Bxf3 {[%clk 00:40:36]} {[%emt 00:00:42]} 37. Qxf3 {[%clk 00:14:36]}
{[%emt 00:00:35]} Qc7 {[%clk 00:39:31]} {[%emt 00:01:20]} 38. Qg4 {[%clk
00:14:20]} {[%emt 00:00:31]} g5 {[%clk 00:35:47]} {[%emt 00:03:58]} 39. f3
{[%clk 00:13:51]} {[%emt 00:00:45]} Qb8 {[%clk 00:35:05]} {[%emt 00:00:54]} 40.
Qh5 {[%clk 00:13:23]} {[%emt 00:00:44]} Rf6 {[%clk 00:31:10]} {[%emt 00:04:11]}
41. Bxg5 {[%clk 00:13:15]} {[%emt 00:00:23]} Bxg5 {[%clk 00:30:46]} {[%emt
00:00:39]} 42. Rxg5 {[%clk 00:13:19]} {[%emt 00:00:10]} Qxb3 {[%clk 00:30:50]}
{[%emt 00:00:12]} 43. Rdg1 {[%clk 00:13:11]} {[%emt 00:00:23]} Qe3 {[%clk
00:30:09]} {[%emt 00:00:54]} 44. Rg7 {[%clk 00:12:29]} {[%emt 00:00:58]} Qf2+
{[%clk 00:28:08]} {[%emt 00:02:16]} 45. R1g2 {[%clk 00:12:27]} {[%emt
00:00:17]} Qxg2+ {[%clk 00:26:38]} {[%emt 00:01:45]} 46. Kxg2 {[%clk 00:12:33]}
{[%emt 00:00:09]} Rg8 {[%clk 00:26:25]} {[%emt 00:00:26]} 47. Rxg8+ {[%clk
00:12:32]} {[%emt 00:00:18]} Kxg8 {[%clk 00:26:38]} {[%emt 00:00:02]} 48. Qe8+
{[%clk 00:12:37]} {[%emt 00:00:10]} Kg7 {[%clk 00:26:45]} {[%emt 00:00:08]} 49.
Qe7+ {[%clk 00:12:41]} {[%emt 00:00:11]} Rf7 {[%clk 00:26:53]} {[%emt
00:00:06]} 50. Qxe5+ {[%clk 00:12:49]} {[%emt 00:00:06]} Kf8 {[%clk 00:26:53]}
{[%emt 00:00:15]} 51. Qd6+ {[%clk 00:12:34]} {[%emt 00:00:32]} Kg7 {[%clk
00:26:57]} {[%emt 00:00:09]} 52. Qg6+ {[%clk 00:12:38]} {[%emt 00:00:10]} Kf8
{[%clk 00:27:03]} {[%emt 00:00:10]} 53. Qxh6+ {[%clk 00:12:42]} {[%emt
00:00:11]} Ke7 {[%clk 00:27:11]} {[%emt 00:00:08]} 54. Bd5 {[%clk 00:12:48]}
{[%emt 00:00:09]} Rf6 {[%clk 00:27:16]} {[%emt 00:00:10]} 55. Qg7+ {[%clk
00:12:56]} {[%emt 00:00:07]} Ke8 {[%clk 00:27:23]} {[%emt 00:00:09]} 56. Qxf6
{[%clk 00:13:00]} {[%emt 00:00:10]} Kd7 {[%clk 00:27:27]} {[%emt 00:00:11]} 57.
Qe6+ {[%clk 00:13:09]} {[%emt 00:00:07]} Kc7 {[%clk 00:27:35]} {[%emt
00:00:06]} 58. Qe7+ {[%clk 00:13:07]} {[%emt 00:00:09]} Kb6 {[%clk 00:27:39]}
{[%emt 00:00:18]} 59. Qd6+ {[%clk 00:13:13]} {[%emt 00:00:10]} Ka5 {[%clk
00:27:30]} {[%emt 00:00:23]} 60. Qxc5+ {[%clk 00:13:21]} {[%emt 00:00:06]} Ka4
{[%clk 00:27:41]} {[%emt 00:00:05]} 61. Qb4# {[%clk 00:13:34]} {[%emt
00:00:03]} 1-0